000 00423nam a2200181Ia 4500
001 15206
005 20260306165011.0
008 260306t2009||||xx |||||||||||||| ||spa||
041 _aESP
082 _a530
_bY76 V. 2 2009
100 _aYoung, Hugh D.
_eAUT
245 0 _aFísica universitaria:
_bcon física moderna
260 _c2009
300 _a
_c
650 _aGEN
654 _aCCN
942 _cLIB
_dJUS
_fJUS
_2ddc
_n
999 _c15206
_d15206